Loading...
| Fine Arts - Painting and Sculpture | 0 | 5 | 0 | 0 | 50 | 91 | 114.20 | 1 | 5 | 0.00 | 0.00 |
| Literature - World | 0 | 4 | 0 | 0 | 40 | 107 | 123.75 | 2 | 3 | 0.00 | 0.00 |
| Literature - American | 0 | 4 | 0 | 1 | 40 | 96 | 114.25 | 2 | 4 | 0.00 | 0.00 |
| Science - Chemistry | 0 | 3 | 0 | 0 | 30 | 97 | 110.67 | 0 | 3 | 0.00 | 0.00 |
| Literature - European | 0 | 2 | 0 | 1 | 20 | 125 | 132.50 | 0 | 2 | 0.00 | 0.00 |
| Literature - British | 0 | 2 | 0 | 0 | 20 | 118 | 131.00 | 1 | 2 | 0.00 | 0.00 |
| History - European | 0 | 1 | 0 | 1 | 10 | 118 | 118.00 | 0 | 1 | 0.00 | 0.00 |
| Mythology | 0 | 1 | 0 | 1 | 10 | 151 | 151.00 | 0 | 1 | 0.00 | 0.00 |
| Social Science | 0 | 1 | 0 | 1 | 10 | 130 | 130.00 | 0 | 0 | 0.00 | 0.00 |
| History - American | 0 | 1 | 1 | 1 | 5 | 122 | 122.00 | 0 | 0 | 0.00 | 0.00 |
| Science - Biology | 0 | 1 | 2 | 0 | 0 | 98 | 98.00 | 0 | 1 | 0.00 | 0.00 |